Central Library OPAC University of Rajshahi

Socialism and the cultural heritage / (Record no. 61613)

MARC details
000 -LEADER
fixed length control field 00572nam a2200205 a 4500
001 - CONTROL NUMBER
control field 61613
003 - CONTROL NUMBER IDENTIFIER
rucl marc code BD-RjUL
005 - DATE AND TIME OF LATEST TRANSACTION
control field 20211209081001.0
008 - FIXED-LENGTH DATA ELEMENTS--GENERAL INFORMATION
fixed length control field 170119b ru ||||| |||| 000 0 eng d
035 ## - SYSTEM CONTROL NUMBER
System control number (BD-RjUL)61737
040 ## - CATALOGING SOURCE
Original cataloging agency BD-RjUL
Language of cataloging eng
Transcribing agency BD-RjUL
041 ## - LANGUAGE CODE
Language code of text/sound track or separate title eng
082 ## - DEWEY DECIMAL CLASSIFICATION NUMBER
Edition number 23
Classification number 335
Author mark and year BAS 1966
100 ## - MAIN ENTRY--PERSONAL NAME
Personal name Baller, Eleazar
9 (RLIN) 183555
245 ## - TITLE STATEMENT
Title Socialism and the cultural heritage /
Statement of responsibility, etc. Eleazar Baller
260 ## - PUBLICATION, DISTRIBUTION, ETC. (IMPRINT)
Place of publication, distribution, etc. Moscow
Name of publisher, distributor, etc. Novosti Press Agency Publication House.
Date of publication, distribution, etc. [1966?]
300 ## - PHYSICAL DESCRIPTION
Pagination 127 p. ;
Size 17 cm.
650 ## - SUBJECT ADDED ENTRY--TOPICAL TERM
Topical term or geographic name as entry element Socialism
9 (RLIN) 172186
942 ## - ADDED ENTRY ELEMENTS (KOHA)
Source of classification or shelving scheme Dewey Decimal Classification
Koha item type Books
Holdings
Lost status Source of classification or shelving scheme Damaged status Not for loan Collection code Permanent Location Current Location Shelving location Date acquired Source of acquisition Cost, normal purchase price Total Checkouts Full call number Date last seen Copy number Koha item type
  Dewey Decimal Classification   Not For Loan Non-fiction Central Library, University of Rajshahi Central Library, University of Rajshahi Reading Room 05/05/1975 N/A 0.00   335 BAS 1966 19/01/2017 C-1 Books